| 000 | 00696nam a22002057a 4500 | ||
|---|---|---|---|
| 999 |
_c20561 _d20561 |
||
| 003 | AR-CdUCM | ||
| 008 | 190531b ||||| |||| 00| 0 spa d | ||
| 040 |
_aMUNICIPALIDAD PROVINCIAL DEL CUSCO _cBIBLIOTECA MUNICIPAL DEL CUSCO |
||
| 082 |
_a947.085 / _bR82 |
||
| 100 |
_aRonchey, Alberto. _942988 |
||
| 245 | _aRusia en el deshielo / | ||
| 260 |
_aBuenos Aires : _bPlaza & Janes, _c1967. |
||
| 300 |
_a324 páginas ; _c17 cm. |
||
| 505 | _aContenido: Vida y costumbres sociales en Rusia. | ||
| 650 |
_aVida y costumbres sociales _9857 |
||
| 650 |
_aDescripciones y viajes _9497 |
||
| 700 |
_aSilimovich, Edith Kern de (traducción) _942989 |
||
| 942 |
_2ddc _cLIBROS |
||
| 945 |
_adavv _d2019-05-31 |
||